Allgemeinwissen-Quiz #66 - Statistiken

Allgemein
  • Dieses Quiz wurde 43 mal gespielt
  • Das Durchschnittsergebnis liegt bei 10 aus 20
Antwortstatistiken
Frage Antwort % Korrekt
Auf welchem "Mugshot" sehen wir Bill Gates?
95%
Welches Bild verbindet man mit Arlington?
89%
Was für eine Art von Film ist Metropolis (1927)? Stummfilm
70%
Für welchen Verein spielt Cristiano Ronaldo im Jahr 2025? Al-Nassr
68%
Auf welchem Satellitenbild sehen wir Trinidad?
59%
Für welches Premier-League-Team spielt Hugo Ekitiké in der Saison 2025/26? Liverpool
59%
In welchem Land liegt Timbuktu? Mali
59%
Drei bekannte Berge der Schweiz heissen Eiger, Mönch und …? Jungfrau
57%
Welches Bild stammt aus der Netflix-Serie "You"?
54%
Wie hiess die Bewegung, die Charlie Kirk gründete? Turning Point USA
54%
Im beliebten Mobile Game "Clash Royale" von Supercell trifft man nicht auf welche dieser Karten? Bile-Titan
41%
Wer schrieb den Song "Cool for the Summer"? Demi Lovato
41%
Wie viele verschiedene Laute hat ein Katze? über 100
41%
Dak Prescott, der Quarterback der Dallas Cowboys, wirft am ehesten einen Pass zu welchem dieser Spieler? CeeDee Lamb
32%
Welches dieser Globi-Bücher gibt es nicht? Globi auf dem Dampfschiff
32%
Die Süssigkeit Sugus heisst auf vergleichbarem Mittellateinisch sugus, abgeleitet von lateinisch sūcus. Was bedeutet das? Saft
30%
Wer wurde 2025 am Eidgenössischen Schwing- und Älplerfest (ESAF) in Mollis Schwingerkönig? Armon Orlik
24%
Was war der Fichenskandal in der Schweiz? Eine Affäre um geheime politische Überwachungsdossiers
24%
Von welchem bedeutenden Designer stammt der berühmte Egg Chair? Arne Jacobsen
22%
Wie heisst das 2025 erschienene Buch des Schweizer Schriftstellers Nelio Biedermann? Lázár
11%
Keine übereinstimmenden Quizze gefunden
Verteilung der Resultate
Anzahl Personen mit jedem Resultat
Perzentil nach korrekt beantworteten Fragen
Ihre Resultats-Entwicklung
Sie haben dieses Quiz noch nicht gespielt